60 berühmte deutsche Wissenschaftler/-innen - Statistiken

Allgemein
  • Dieses Quiz wurde 83 mal gespielt
  • Das Durchschnittsergebnis liegt bei 10 aus 60
Antwortstatistiken
Geburtsjahr (Ort) Fachgebiet(e) Arbeit & Erfolge u.a. / Hinweis Name % Korrekt
* 1879 (Ulm) Mathematik & Physik 🔸Relativitätstheorie Albert Einstein
87%
* 1845 (Remscheid - Lennep) Physik 🔸 durchdringende X-Strahlen Wilhelm Konrad Röntgen
60%
* 1858 (Kiel) Physik 🔸 Quantentheorie Max Planck
51%
* 1789 (Erlangen) Physik 🔸 Formel: elektr. Spannung : Stromstärke = Widerstand Georg Simon Ohm
50%
* 1901 (Würzburg) Physik, Kernphysik & Quantenphysik 🔸Unschärferelation🔸Matrizenmechanik Werner Heisenberg
49%
* 1857 (Hamburg) Physik 🔸Beweis von Radiowellen🔸nach ihm benannte Frequenz - Maßeinheit Heinrich Hertz
46%
* 1912 (Wirsitz) Physik & Astronautik 🔸1. Großrakete mit Flüssigtreibstoff Wernher von Braun
43%
* 1571 (Weil der Stadt) Astronomie & Mathematik 🔸Gesetze der Planetenbewegung Johannes Kepler
41%
* 1646 (Leipzig) Mathematik, Physik & Philosophie 🔸 Integralzeichen & Dualsystem 🔸 Rechenmaschine, die √ ziehen kann Gottfried Wilhelm Leibniz
40%
* 1811 (Göttingen) Chemie 🔸Spektralanalyse🔸nach ihm benannter Brenner Robert Wilhelm Bunsen
38%
* 1777 (Braunschweig) Mathematik & Astronomie 🔸Fundamentalsatz & Achsenkreuz🔸1. elektromagn. Telegrafenanlage Carl Friedrich Gauss
37%
* 1850 (Fulda) Physik 🔸Kathodenstrahlröhre🔸Halbleiteriode Ferdinand Braun
37%
* 1473 (Thorn) Astronomie & Mathematik 🔸 Erdachsendrehung, Planeten kreisen um die Sonne Nikolaus Kopernikus
37%
* 1879 (Frankfurt am Main) Chemie 🔸1. Kernspaltung Otto Hahn
37%
* 1843 (Clausthal) Medizin 🔸Entdeckung von Cholera, Malaria, Pest - Erregern u.a. Robert Koch
35%
* 1882 (Neustadt a.d. Haardt) Physik 🔸Zähler zur Messung radioaktiver Zahlen Johannes Wilhelm Geiger
34%
* 1875 (Kaysersberg b. Colmar) Medizin, Philosophie & Theologie 🔸"Urwaldarzt" & Friedensnobelpreis Albert Schweitzer
22%
* 1686 (Danzig) Physik 🔸Quecksilberthermometer mit 3-Punkte-Eichung Daniel Gabriel Fahrenheit
21%
* 1868 (Breslau) Chemie 🔸Ammoniaksynthese🔸Katalysator & 1. chem. Kriegswaffen Fritz Haber
19%
* 1816 (Lenthe b. Gehrden) Physik & Mechanik 🔸 Elektro,- & Starkstromtechnik🔸1. elektr. Generator Werner von Siemens
19%
* 1880 (Berlin) Meteorologie & Geologie 🔸 Polarforschung & Plattentektonik Alfred Wegener
13%
* 1909 (Neiße) Zoologie & Tiermedizin 🔸1. dt. Tierdoku, die den Oscar erhielt🔸Enzyklopädie des Tierreichs Bernhard Grzimek
13%
* 1824 (Königsberg) Physik 🔸 Regeln der Stromverzweigung🔸 Spektralanalyse Gustav Robert Kirchhoff
12%
* 1854 (Strehlen) Medizin 🔸Chemotherapie🔸Mittel gegen Syphilis Paul Ehrlich
10%
* 1864 (Marktbreit) Medizin & Psychologie 🔸Krankheit der Hirnrinde Alois Alzheimer
9%
* 1906 (Kattowitz) Physik 🔸Schalenmodell des Atomkerns🔸2. Physik - Nobelpreisträgerin Maria Goeppert Mayer
9%
* 1814 (Heilbronn) Physik & Chemie 🔸Thermodynamik🔸Prinzip der "Auslösung" Robert Mayer
9%
* 1787 (Straubing) Optik & Astronomie 🔸Teleskop Joseph von Fraunhofer
7%
* 1913 (Lorenzkirch) Physik 🔸 Lineartandem - & Quadrupolmassenfilter -Beschleuniger Wolfgang Paul
7%
* 1842 (Berndorf b. Thurnau) Physik & Polytechnik 🔸 Verflüssigung von Gasen & Sauerstoff in großen Mengen Carl von Linde
6%
* 1862 (Königsberg) Mathematik 🔸"24 (...) Probleme der Mathematik"🔸 Grundlagen der Geometrie David Hilbert
6%
* 1875 (Barmen - Wuppertal) Medizin & Chirurgie 🔸 Unterdruckkammer🔸Arm,- & Beinprothesen mit bewegl. Gliedern Ernst Ferdinand Sauerbruch
6%
* 1821 (Potsdam) Physik, Medizin & Physiologie 🔸Energieerhaltungssatz Hermann von Helmholtz
6%
* 1882 (Breslau) Physik & Mathematik 🔸Näherung der Molekülphysik🔸Kopenhagener Deutung Max Born
6%
* 1821 (Schivelbein) Medizin & Pathologie 🔸 moderne Pathologie Rudolf Virchow
6%
* 1755 (Meißen) Medizin 🔸Begründer der Homöopathie Samuel Hahnemann
6%
* 1853 (Riga) Chemie 🔸 Verdünnungsgesetz Wilhelm Ostwald
6%
* 1738 (Hannover) Astronomie & Mathematik 🔸 Entdeckung der Milchstraße & Uranus🔸 Infrarotstrahlung William Herschel
6%
* 1826 (Breselenz b. Dannenberg) Mathematik & Physik 🔸 Funktionstheorie & Differentialgleichungen Bernhard Riemann
4%
* 1801 (Groß Särchen) Physik & Psychologie 🔸Psychophysik Gustav Theodor Fechner
4%
* 1864 (Briesen) Chemie & Physik 🔸 Glühlampe ohne Vakuum🔸 Entwicklung chem. Gase & tödl. Kriegskampfstoffe Walther Nernst
4%
* 1193 (Lauingen a.d. Donau) Biologie & Philosophie 🔸Beschreibung vieler Pflanzen, Tieren & Insekten Albertus Magnus
3%
* 1804 (Potsdam) Mathematik 🔸1. jüd. Professor an dt. Universität 🔸 Theorie der elliptischen Funktionen Carl Gustav Jacob Jacobi
3%
* 1854 (Hansdorf) Medizin & Immunologie 🔸Heilmittel gegen Diphtherie & Tetanus Emil von Behring
3%
* 1834 (Potsdam) Medizin & Zoologie 🔸Stammbaum aller Lebensformen Ernst Haeckel
3%
* 1868 (Ludwigsburg) Chemie & Pharmazie 🔸 Aspirin & Heroin Felix Hoffmann
3%
* 1818 (Lichtenheim b. Neuburg) Medizin, Physiologie & Chemie 🔸"Vater der Hygiene" Max von Pettenkofer
3%
* 1882 (Erlangen) Mathematik 🔸modernes Algebra Amalie Emmy Noether
1%
* 1743 (Stralsund) Chemie 🔸 Entdeckung Sauerstoff, Molybdän, Chlor, Stickstoff, Milchsäure, Harnsäure, Blausäure u.a. Carl Wilhelm Scheele
1%
* 1845 (St. Petersburg) Mathematik 🔸Paradoxien der Mengenlehre🔸Theorie der transfiniter Kardinal - & Ordinalzahlen Georg Cantor
1%
* 1803 (Darmstadt) Chemie 🔸Agrikulturchemie Justus von Liebig
1%
* 1898 (Helsa b. Kassel) Chemie 🔸1. Präsident der Gesellschaft dt. Chemiker Karl Ziegler
1%
* 1743 (Wernigerode) Chemie 🔸Entdeckung von Uran, Zirconium & Cerium Martin Heinrich Klaproth
1%
* 1822 (Köslin) Physik 🔸Thermodynamik🔸Virialsatz & Entropie Rudolf Clausius
1%
* 1900 (Frankfurt am Main) Psychologie 🔸Frankfurter Schule der kritischen Theorie Erich Fromm
0%
* 1809 (Stettin) Mathematik & Physik 🔸Ausdehnungslehre Hermann Graẞmann
0%
* 1894 (Hermannstadt) Physik & Astronautik 🔸 leistungsfähige Raketenantriebe🔸nach ihm benanntes interplantares Flugmanöver Hermann Oberth
0%
* 1792 (Königsberg) Medizin & plastische Chirurgie 🔸1. erfolgreiche Myotomie zur Behandlung von Schielen🔸Nasenkorrektur & Kieferchirurgie Johann Friedrich Dieffenbach
0%
* 1815 (Ostenfelde b. Ennigerloh) Mathematik 🔸 gleichmäßige Konvergenz Karl Weierstraß
0%
* 1855 (Koblenz) Physik 🔸 Flüssigkristalle🔸 Wegbereiter von LCD's Otto Lehmann
0%
Keine übereinstimmenden Quizze gefunden
Verteilung der Resultate
Anzahl Personen mit jedem Resultat
Perzentil nach korrekt beantworteten Fragen
Ihre Resultats-Entwicklung
Sie haben dieses Quiz noch nicht gespielt